logo

Bir Sreshtho Munshi Abdur Rouf Library
Jhenaidah Cadet College

Exercising influence : (Record no. 14068)

MARC details
000 -LEADER
fixed length control field 00799nam a2200241 a 4500
001 - CONTROL NUMBER
JCCL Control Number 14068
003 - CONTROL NUMBER IDENTIFIER
JCCL marc code BD-JhCC
005 - DATE AND TIME OF LATEST TRANSACTION
control field 20240914084627.0
008 - FIXED-LENGTH DATA ELEMENTS--GENERAL INFORMATION
fixed length control field 240914b2000 us |||| ||a| 000 0 eng d
020 ## - INTERNATIONAL STANDARD BOOK NUMBER
International Standard Book Number 0970071000
035 ## - SYSTEM CONTROL NUMBER
system control number (BD-JhCC)14068
040 ## - CATALOGING SOURCE
Original cataloging agency BD-JhCC
Modifying agency BD-JhCC
041 ## - LANGUAGE CODE
Language code of Book english
082 ## - DEWEY DECIMAL CLASSIFICATION NUMBER
Classification number 153.8
Author mark and Year BAR 2000
100 ## - MAIN ENTRY--PERSONAL NAME
Personal name Barnes,B. Kim
245 ## - TITLE STATEMENT
Title Exercising influence :
Remainder of title A guide for making things happen at work, at home, and in your community /
Statement of responsibility, etc B. Kim Barnes.
260 ## - PUBLICATION, DISTRIBUTION, ETC. (IMPRINT)
Place of publication, distribution, etc America:
Name of publisher, distributor, etc Barnes & Conti;
Date of publication, distribution, etc 2000.
300 ## - PHYSICAL DESCRIPTION
Pagination viii, 176 pages. :
Other physical details illustrations ;
Dimensions 22 cm.
650 ## - SUBJECT ADDED ENTRY--TOPICAL TERM
Topical term or geographic name as entry element Complaisance
Form subdivision Compliance
General subdivision Cooperative Behavior
Chronological subdivision Influence (Psychologie)
Geographic subdivision Influence (Psychology)
650 ## - SUBJECT ADDED ENTRY--TOPICAL TERM
Topical term or geographic name as entry element Persuasion (Psychology)
942 ## - ADDED ENTRY ELEMENTS (KOHA)
Source of classification or shelving scheme Dewey Decimal Classification
Koha item type Books
Holdings
Source of classification or shelving scheme Damaged status Not for loan Home library Current library Shelving location Date of accession Source of acquisition Cost, normal purchase price Total Checkouts Full call number Barcode Date last seen Date checked out Copy number Method of acquisition Koha item type Currency
Dewey Decimal Classification     JCC Rouf Library JCC Rouf Library General Stacks 09/14/2024 With the Compliments Of Shahriar Imtiaz Rahman 27/1483/K 1271.00 1 153.8 BAR 2000 19688 10/03/2024 09/24/2024 C-1 Gift/Donation Books BDT

JCC Library | Contacts | JCC Home

Last Update on 23 September 2017
Copyright @ 2017-2020 JCC Rouf Library
Rouf Library, Jhenidah Cadet College (JCC), Bangladesh